| 000 | 00583nam a22001811a 4500 | ||
|---|---|---|---|
| 001 | 11865 | ||
| 003 | OSt | ||
| 005 | 20260204212300.0 | ||
| 008 | 140114s1997||||cr ||||||b||||||||||sp || | ||
| 020 | _a9968979759 | ||
| 082 | _a323 P369m | ||
| 110 | _aProyecto Estado de la Nacion | ||
| 245 | _aMetodologia seguridad en la preparaccion del informe estado de la nacion en desarollo humano sostenible | ||
| 264 | _aSan José : Costa Rica | ||
| 300 | _a74 P | ||
| 650 | _aDESAROLLO HUMANO 2.DESAROLLO SOSTENIBLE- COSTARICA 3.PROYECTO ESTADO DE LA NACION - INFORMEÌ | ||
| 942 |
_2ddc _cBK |
||
| 999 |
_c11865 _d11865 |
||